Cicle de Teatre Amateur : 1a sessió / Associació de Teatre Selecte 1a sessió / Associació de Teatre Selecte
Descripción Física:
1 díptic ; 19 cm
Materias:
Teatre d'afeccionats -- Programes
MARC
| LEADER | 00000nam a2200000Ia 4500 | ||
|---|---|---|---|
| 001 | 19551 | ||
| 003 | BGR | ||
| 005 | 20260410113656.0 | ||
| 008 | 160829s1933 xx 000 0 cat d | ||
| 080 | |a RF-6-26 | ||
| 110 | 2 | |9 70350 |a Associació de Teatre Selecte | |
| 245 | |a Cicle de Teatre Amateur : |b 1a sessió / Associació de Teatre Selecte | ||
| 260 | |a [Barcelona : |b s.n.], |c 1933 | ||
| 300 | |a 1 díptic ; |c 19 cm | ||
| 590 | |a Presentació de la companyia 'Estudi d'Art Dramàtica', premi del 'II Concurs de Teatre Català Amateur'. | ||
| 590 | |a Prové de 4170, exp. 92 | ||
| 650 | |a Teatre d'afeccionats |x Programes |9 49040 | ||
| 856 | 4 | |u https://media.diba.cat/diba/fitxers/arxiu/fulletons/bib_19551_1933_baixa.pdf |y Accés lliure | |
| 856 | 4 | |u https://media.diba.cat/diba/fitxers/arxiu/fulletons/bib_19551_1933_baixa.pdf |y Accés lliure | |
| 900 | |a bib_19551_1933_baixa.pdf | ||
| 901 | |a Arxiu | ||
| 942 | |n 1 |2 udc |c MON | ||
| 952 | |0 0 |1 0 |4 0 |6 RF626 |7 1 |9 55050 |a Arxiu |b Arxiu |d 2016-12-01 |l 0 |o RF-6-26 |p 19551 |r 2016-12-01 00:00:00 |w 2016-12-01 |y ARXIU | ||
| 999 | |c 58920 |d 58920 | ||